| 000 | 02897cam a2200445 i 4500 | ||
|---|---|---|---|
| 999 |
_c5996 _d5996 |
||
| 001 | ocn907966192 | ||
| 003 | TZ-ArACH | ||
| 005 | 20200916013217.0 | ||
| 008 | 150312s2015 ilu b 001 0 eng | ||
| 010 | _a 2015003891 | ||
| 015 |
_aGBB579713 _2bnb |
||
| 016 | 7 |
_a017408068 _2Uk |
|
| 020 |
_a9780252081002 _q(pbk. ; _qalk. paper) |
||
| 020 |
_a0252081005 _q(pbk. ; _qalk. paper) |
||
| 035 | _a(OCoLC)907966192 | ||
| 040 |
_aDLC _beng _erda _cTZ-ArACH |
||
| 042 | _apcc | ||
| 043 | _as-pe--- | ||
| 049 | _aTZAA | ||
| 050 | 0 | 0 |
_aJC599 _b.B84 2015 |
| 100 | 1 | _aBueno-Hansen, Pascha. | |
| 245 | 1 | 0 |
_aFeminist and human rights struggles in Peru : _bdecolonizing transitional justice / _cPascha Bueno-Hansen. |
| 260 |
_aUrbana : _bUniversity of Illinois Press, _c2015. |
||
| 300 |
_axi, 222 pages ; _c24 cm. |
||
| 490 | 1 | _aDissident feminisms | |
| 504 | _aIncludes bibliographical references and index. | ||
| 505 | 0 | _aParallel tracks and fraught encounters : the human rights and feminist movements (and campesina protagonism) in peru -- Gender implementation in the peruvian truth and reconciliation commission -- National reconciliation through public hearings : representative repertoire, choreography, and politics of reception -- Sexual violence beyond consent and coercion -- Finding each other's hearts : weaving interculturality into gender and human rights. | |
| 520 | _aIn 2001, following a generation of armed conflict and authoritarian rule, the Peruvian state created a Truth and Reconciliation Committee (TRC). Pascha Bueno-Hansen places the TRC, feminist and human rights movements, and related non-governmental organizations within an international and historical context to expose the difficulties in addressing gender-based violence. Her innovative theoretical and methodological framework based on decolonial feminism and a critical engagement with intersectionality facilitates an in-depth examination of the Peruvian transitional justice process based on field studies and archival research. Bueno-Hansen uncovers the colonial mappings and linear temporality underlying transitional justice efforts and illustrates why transitional justice mechanisms must reckon with the societal roots of atrocities, if they are to result in true and lasting social transformation. Original and bold, Feminist and Human Rights Struggles in Peru elucidates the tension between the promise of transitional justice and persistent inequality and impunity. -- Amazon.com. | ||
| 650 | 0 |
_aHuman rights movements _zPeru. |
|
| 650 | 0 |
_aFeminism _zPeru. |
|
| 650 | 0 |
_aTransitional justice _zPeru. |
|
| 650 | 7 |
_aFeminism. _2fast _94054 |
|
| 650 | 7 |
_aHuman rights movements. _2fast |
|
| 650 | 7 |
_aTransitional justice. _2fast |
|
| 650 | 7 |
_aJustice réparatrice _zPérou. _2ram |
|
| 651 | 7 |
_aPeru. _2fast |
|
| 651 | 7 |
_aPeru _2gnd |
|
| 830 | 0 | _aDissident feminisms. | |
| 942 |
_2lcc _cBOOK |
||